000 00507nam a2200193Ia 4500
005 20250508160311.0
008 008 250505s9999 xx 000 0 eng d
037 _aTextual
040 _aFEDL
_beng
_cFEDL
041 _aeng
_2eng
084 _a420, GET
_qFEDL
100 _aGethin R H
245 0 _aRemedial english 1 comprehension
250 _a2nd
260 _aLondon, UK
_bOxford University Press
_c1966
300 _a58p.
942 _cTEXL
_h420, GET
999 _c1363478
_d1363478